000 00549nam a2200217Ia 4500
003 OSt
005 20220928140702.0
006 a|||||r|||| 00| 0
007 ta
008 220927b |||||||| |||| 00| 0 eng d
024 _a11036
037 _cTextual
040 _aSDCL
_cSDCL
_beng
041 _2eng
_aeng
082 _aO-,3M57:g(S:55), L4
100 _aThorburn David
_9497013
245 0 _aConrad's romanticism.
260 _c1974
942 _hO-,3M57:g(S:55), L4
_cTEXL
_2CC
999 _c813481
_d813481